000 00768nam a2200241 i 4500
001 C2-0299720
003 PPAK
005 20180728081327.0
008 090816s2008 enka|||| ||||| | eng d
020 _a9781856046237
040 _aPPAK
_beng
_cPPAK
_erda
082 0 4 _a027.6
_223
090 0 0 _a027.6
_bLIB
_dR
245 0 0 _aLibraries without walls 7 :
_bexploring anywhere, anytime delivery of library services
264 1 _aLondon :
_bFacet Publishing ,
_c2008
300 _aviii, 255 pages :
_billustrations ;
_c24 cm
336 _2rdacontent
_atext
337 _2rdamedia
_aunmediated
338 _2rdacarrier
_avolume
650 1 0 _aDigital libraries - Congreses
700 1 _aBrophy, Peter ; Craven, Jenny ; Markland, Margaret,
_eeditor
942 _ddc
_cB
999 _c103644
_d103644